000 01253nam a2200265 a 4500
003 AM-YEHGA
040 _aAM-YeHGA
090 _c457684
005 20250617160518.0
008 190328s1933 ru a||||r|||||001|0|rus||
041 0 _arus
245 0 0 _aБиологический метод борьбы с вредителями в сельском хозяйстве /
_b[Авт. : М. М. Голубева, С. И. Оболенский, Н. Ф. Мейер, В. П. Поспелов ; Предисл. : Ник. Ковалев].
260 _aМосква ;
_aЛенинград :
_bСельхозгиз,
_c1933.
300 _a192 с. :
_bил. ;
_c22 см.
504 _aБиблиогр. в конце глав
650 1 4 _aСельское хозяйство
650 1 4 _aЗащита растений
_xВредители растений и борьба с ними
650 1 4 _aОтдельные виды и группы вредителей
_xНасекомые-вредители
700 1 _aГолубева, М. М.
700 1 _aОболенский, С. И.
700 1 _aПоспелов, В. П.
700 1 _aМейер, Н. Ф.
700 1 _aКовалев, Ник.
_eавт. предисл.
_4aui
942 _2udc
_cBK
999 _c454690
_d454690